| 000 | 01315cam a22003735a 4500 | ||
|---|---|---|---|
| 001 | 015495856 | ||
| 003 | EG-ScBUE | ||
| 005 | 20220517125904.0 | ||
| 008 | 130311t2009 nyua f 001 0 eng d | ||
| 020 | _a9780132464505 | ||
| 020 | _a0132464500 | ||
| 040 |
_aStDuBDS _beng _erda _cStDuBDS _dEG-ScBUE |
||
| 082 | 0 | 4 |
_222 _a428.24 _bAZA |
| 100 | 1 |
_aAzar, Betty Schrampfer, _d1941- _eauthor. |
|
| 245 | 1 | 0 |
_aUnderstanding and using English grammar : _bwith answer key / _cBetty S. Azar, Stacy A. Hagen. |
| 250 |
_aFourth edition, _bInternational edition. |
||
| 264 | 1 |
_aWhite Plains, NY : _bPearson Education, _c[2009] |
|
| 264 | 4 | _cc2009 | |
| 300 |
_axiii, 530 pages : _billustrations ; _c24 cm + _e1 CD |
||
| 336 |
_2rdacontent _atext _btxt |
||
| 336 |
_2rdacontent _aspoken word _bspw |
||
| 337 |
_2rdamedia _aunmediated _bn |
||
| 337 |
_2rdamedia _aaudio _bs |
||
| 338 |
_2rdacarrier _avolume _bnc |
||
| 338 |
_2rdacarrier _aaudio disc _bsd |
||
| 500 | _aIncludes index. | ||
| 650 | 7 |
_aEnglish language _zUnited States _vTextbooks for foreign speakers. _2BUEsh |
|
| 650 | 7 |
_aEnglish language _zUnited States _xGrammar _vProblems, exercises, etc. _2BUEsh |
|
| 651 | _2BUEsh | ||
| 653 |
_bHHUUEENN _cNovember2017 |
||
| 655 |
_vReading book _934232 |
||
| 700 | 1 |
_aHagen, Stacy A., _d1956- _eauthor. |
|
| 942 |
_2ddc _cBB |
||
| 999 |
_c25696 _d25668 |
||